00223nam a2200097Ia 4500008004100000041000800041100001400049245001900063260002500082365001800107240703s9999 xx 000 0 und d aeng aBlanchard aCustomer Mania bHarper Collinsc2013 cRS.b 250.00